000 00681nam a2200277Ia 4500
005 20260324135818.0
008 008 260324s9999 xx 000 0 eng d
020 _a9781315809502
037 _aEBOOK
040 _aCRL
040 _beng
040 _cCRL
041 _2eng
041 _aeng
084 _qCRL
100 _aChristopher J Alexander
_91202011
245 0 _aWorking with Gay Men and Lesbians in Private Psychotherapy Practice
260 _bTaylor and Francis
260 _c1999
365 _a
365 _b98.99
856 _uhttp://www.taylorfrancis.com/books/9781315809502
942 _cEBOOK
999 _c1803469
_d1803469